New Zealand Cricket - Cities and Test Wins - Statistics

General Stats
  • This quiz has been taken 151 times
  • The average score is 20 of 28
Answer Stats
Test Wins Country City % Correct
11 New Zealand Auckland
100%
18 New Zealand Wellington
100%
12 New Zealand Christchurch
98%
2 England London
93%
11 New Zealand Hamilton
91%
6 New Zealand Dunedin
90%
1 Australia Brisbane
89%
1 Australia Perth
89%
3 ZImbabwe Harare
82%
1 Australia Hobart
81%
1 New Zealand Napier
81%
3 Sri Lanka Colombo
80%
1 South Africa Cape Town
72%
1 South Africa Johannesburg
72%
2 UAE Abu Dhabi
69%
2 Pakistan Lahore
68%
1 India Mumbai
66%
2 England Leeds
64%
1 Bangladesh Dhaka
63%
1 West Indies Kingston
63%
5 Zimbabwe Bulawayo
61%
1 UAE Sharjah
54%
1 South Africa Port Elizabeth
53%
2 Bangladesh Chittagong
52%
1 England Nottingham
52%
2 West Indies Bridgetown
40%
1 Sri Lanka Kandy
38%
1 India Nagpur
10%
No matching quizzes found
Score Distribution
Percent of People with Each Score
Percentile by Number Answered
Your Score History
You have not taken this quiz